000 00395nam a22001697a 4500
003 MPLRDC
005 20220104114336.0
008 210129b ||||| |||| 00| 0 eng d
082 _a857.623 YG v.2
100 _a余过
245 _a凶咒
_c
260 _a
_b东荣出版社
_c1994
300 _b
490 _a四人夜话系列. 2
650 _a灵异小说
942 _cBK
_o857.623 YG v.2
999 _c6733
_d6723